| 000 | 00533nam a2200193 a 4500 | ||
|---|---|---|---|
| 001 | 34627 | ||
| 005 | 20180714002803.0 | ||
| 008 | 140415s1960 000 0 spa d | ||
| 041 | _aspa | ||
| 082 |
_a330 _bMCI |
||
| 100 | 1 | _aMCISAAC, ARCHIBALD M. | |
| 245 | 1 | 0 | _aELEMENTOS DE ANALISIS ECONOMICO |
| 250 | _a2a ed. | ||
| 260 |
_a[s.l.] : _bFONDO DE CULTURA ECONOMICA, _c1960 |
||
| 300 | _a261 | ||
| 490 | _aSECCION DE OBRAS DE ECONOMIA | ||
| 650 | 1 | 4 |
_aANALISIS ECONOMICO _xECONOMIA |
| 700 | 1 |
_aORNELAS, R. _etr. |
|
| 999 |
_c34627 _d34627 |
||